00258nam a2200097 4500082001200000100001300012245003400025260002900059300000700088650006500095 a546 COO aCook D.O aInorganic Reaction Mechanisms aLondonbChemical Society a99 aChemistryaInorganic ChemistryaReactionaReaction Mechanism